Color textbook of histology (Record no. 39615)

MARC details
000 -LEADER
fixed length control field 00443nam a2200193Ia 4500
020 ## - INTERNATIONAL STANDARD BOOK NUMBER
ISBN 9780808923565
050 ## - CALL MARK
Classification number QM 551 .G37/
100 ## - STATEMENT OF RESPONSIBILITY--MAIN AUTHOR NAME
Personal name Gartner, Leslie P.
245 #0 - TITLE STATEMENT
Title Color textbook of histology
250 ## - EDITION / VOLUME STATEMENT
Edition / Volume statement 3. ed.
260 ## - PUBLICATION, DISTRIBUTION, ETC. (IMPRINT)
Place of publication Philadelphia
260 ## - PUBLICATION, DISTRIBUTION, ETC. (IMPRINT)
Name of publisher Saunders
260 ## - PUBLICATION, DISTRIBUTION, ETC. (IMPRINT)
Year of publication 2007
300 ## - PHYSICAL DESCRIPTION
Number of Pages 573 p
650 ## - SUBJECT ADDED ENTRY--TOPICAL TERM
Topical Term Philadelphia
942 ## - ADDED ENTRY ELEMENTS (KOHA)
Koha item type Books
Holdings
Withdrawn status Lost status Source of classification or shelving scheme Damaged status Not for loan Permanent Location Current Location Shelving location Date acquired Accession Number Price effective from Koha item type
    Library of Congress Classification     NILE UNIVERSITY OF NIGERIA - MAIN LIBRARY NILE UNIVERSITY OF NIGERIA - MAIN LIBRARY Items on shelf 06/03/2025 0184638 06/03/2025 Books